000 00417nam a2200181Ia 4500
005 20240823033847.0
008 240823s9999||||xx |||||||||||||| ||und||
041 _aENGLISH
082 _A512.7
100 _aPrakash Om
245 0 _aTheory of Numbers
250 _a1st
260 _bLaxmi Publication (P)
_aNew Delhi
500 _aTRANSFERED
650 _aNumbers
_bMathematics
942 _cBK
999 _c196832
_d196832